00785nam a22002177a 450000500170000001000150001702000280003202000220006003500130008203700130009508200130010824500980012126000460021927000660026530000250033150000200035670000210037694200270039799900170042495201260044120150410123038.0 aENG-112403 a9780199453337c795.00  a199453330c795.00 aEN-95935 bDBAD/PUB a954.1605 aTroubled diversity : cedited by Sandhya Goswamibthe political process in Northeast India /  aNew Delhi bOxford University Pressc2015 aYMCA Library Building, 1 Jai Singh Road, bNew Delhi e110001 axxxi,239p.c23cm(Hb) aIncludes index  aGoswami, Sandhya 2ddccENmTROh954.1605 c92297d92297 001040718NFICaDBADbDBADd2015-03-18eDBAD/PUBg795.00l0o954.1605 TROpEN-95935r2015-03-18 00:00:00t1v795.00yEN